<?xml version="1.0" encoding="UTF-8"?>
<record
    xmlns:xsi="http://www.w3.org/2001/XMLSchema-instance"
    xsi:schemaLocation="http://www.loc.gov/MARC21/slim http://www.loc.gov/standards/marcxml/schema/MARC21slim.xsd"
    xmlns="http://www.loc.gov/MARC21/slim">

  <leader>01720nam a2200253 a 4500</leader>
  <controlfield tag="001">000012507</controlfield>
  <controlfield tag="003">DO-SdBNP</controlfield>
  <controlfield tag="005">20240530073914.0</controlfield>
  <controlfield tag="008">091113s2006    dr            000 f spa d</controlfield>
  <datafield tag="020" ind1=" " ind2=" ">
    <subfield code="z">994516032X</subfield>
  </datafield>
  <datafield tag="040" ind1=" " ind2=" ">
    <subfield code="a">DO-SdBNP</subfield>
    <subfield code="b">spa</subfield>
    <subfield code="c">BNPHU</subfield>
  </datafield>
  <datafield tag="082" ind1=" " ind2=" ">
    <subfield code="a">RD863.44</subfield>
    <subfield code="b">J58m, 2006</subfield>
  </datafield>
  <datafield tag="100" ind1="1" ind2=" ">
    <subfield code="a">Jes&#xFA;s Ulireio, Luis Felipe de,</subfield>
    <subfield code="d">1970-</subfield>
    <subfield code="9">29224</subfield>
  </datafield>
  <datafield tag="245" ind1="1" ind2="3">
    <subfield code="a">El misterio del espiritu del rio :</subfield>
    <subfield code="b">(mitos, leyendas y la historia dominicana en una breve novela) /</subfield>
    <subfield code="c">Luis Felipe de Jes&#xFA;s Ulerio.</subfield>
  </datafield>
  <datafield tag="260" ind1=" " ind2=" ">
    <subfield code="a">Santo Domingo :</subfield>
    <subfield code="b">B&#xFA;ho,</subfield>
    <subfield code="c">2006.</subfield>
  </datafield>
  <datafield tag="300" ind1=" " ind2=" ">
    <subfield code="a">183 p. ;</subfield>
    <subfield code="c">22 cm.</subfield>
  </datafield>
  <datafield tag="500" ind1=" " ind2=" ">
    <subfield code="a">La biblioteca posee la 2a. reimpresi&#xF3;n del 2006</subfield>
  </datafield>
  <datafield tag="505" ind1="0" ind2=" ">
    <subfield code="a">El naufragio -- Encuentro con el esp&#xED;ritu del r&#xED;o -- El bac&#xE1; -- Espa&#xF1;a en el siglo XV -- Lemba y Enriquillo -- La ciguapa -- La botija del difunto Ant&#xF3;n -- El contrabando -- Las devastaciones de Osorio -- Los dos Santo Domingo -- La jup&#xED;a -- El brujo -- El galipote -- Enrique, el galipote -- Mal de ojo -- Yo tambi&#xE9;n estaba so&#xF1;ando -- La independencia haitiana -- Independencia ef&#xED;mera -- Juan Pablo Duarte -- La Trinitaria -- La Independencia Nacional -- La primera Rep&#xFA;blica -- La constituci&#xF3;n de la Rep&#xFA;blica -- La anexi&#xF3;n y la Restauraci&#xF3;n -- La segunda Rep&#xFA;blica -- Catalepsia -- Un pacto con el diablo -- Primera ocupaci&#xF3;n militar norteamericana -- Pap&#xE1; Liborio -- La dictadura de Trujillo -- Juan Bosch -- La masacre de Palma Sola -- Del Triunvirato a los doce a&#xF1;os -- El misterio del esp&#xED;ritu del r&#xED;o -- El pacto con el esp&#xED;ritu del r&#xED;o.</subfield>
  </datafield>
  <datafield tag="590" ind1=" " ind2=" ">
    <subfield code="a">Inventariado, 2019/BT</subfield>
  </datafield>
  <datafield tag="650" ind1=" " ind2="0">
    <subfield code="a">Novela dominicana</subfield>
    <subfield code="9">223</subfield>
  </datafield>
  <datafield tag="650" ind1=" " ind2="0">
    <subfield code="a">Literatura dominicana.</subfield>
    <subfield code="9">67</subfield>
  </datafield>
  <datafield tag="910" ind1=" " ind2=" ">
    <subfield code="a">Validado. Control de calidad MMOLINA</subfield>
  </datafield>
  <datafield tag="942" ind1=" " ind2=" ">
    <subfield code="2">ddc</subfield>
    <subfield code="c">LBS1</subfield>
  </datafield>
  <datafield tag="952" ind1=" " ind2=" ">
    <subfield code="0">0</subfield>
    <subfield code="1">0</subfield>
    <subfield code="7">1</subfield>
    <subfield code="8">PD</subfield>
    <subfield code="a">PD</subfield>
    <subfield code="b">PD</subfield>
    <subfield code="c">HD</subfield>
    <subfield code="d">2009-11-13</subfield>
    <subfield code="i">LF1</subfield>
    <subfield code="l">0</subfield>
    <subfield code="o">RD863.44 J58m, 2006</subfield>
    <subfield code="p">12507-10</subfield>
    <subfield code="r">2020-06-25</subfield>
    <subfield code="w">2020-06-25</subfield>
    <subfield code="y">LFPD</subfield>
    <subfield code="Z">No se presta</subfield>
  </datafield>
  <datafield tag="999" ind1=" " ind2=" ">
    <subfield code="c">12162</subfield>
    <subfield code="d">12162</subfield>
  </datafield>
</record>
